| 000 | 00926cam a22002653a 4500 | ||
|---|---|---|---|
| 001 | 32593 | ||
| 003 | PGUSA | ||
| 005 | 20140828083715.0 | ||
| 008 | 100530s2010||||xxu|||||s|||||000 | eng d | ||
| 040 |
_aPGUSA _beng |
||
| 042 | _adc | ||
| 050 | 4 | _aDA | |
| 100 | 1 |
_aHarrison, William, _d1534-1593 |
|
| 245 | 1 | 0 |
_aElizabethan England : _bFrom 'A Description of England,' by William Harrison _h[electronic resource] / _cWilliam Harrison |
| 260 |
_bProject Gutenberg, _c2010 |
||
| 506 | _aPublic domain in the USA. | ||
| 516 | _aElectronic text | ||
| 653 | _aElizabeth I, Queen of England, 1533-1603 -- Homes and haunts -- England | ||
| 653 | _aEngland -- Description and travel -- Early works to 1800 | ||
| 653 | _aEngland -- Social life and customs -- 16th century | ||
| 700 | 1 |
_aWithington, Lothrop, _d1856-1915 |
|
| 830 | 0 |
_aProject Gutenberg _v32593 |
|
| 856 | 4 | 0 | _uhttp://www.gutenberg.org/ebooks/32593 |
| 942 | _cEB | ||
| 999 |
_c261848 _d261848 |
||